Quest : Listening and Speaking in the Academic Work-Book 1 (Có sách)
Uloženo v:
| Hlavní autor: | |
|---|---|
| Médium: | Kniha |
| Jazyk: | Undetermined |
| Vydáno: |
Boston
Mc GrawHill
2000
|
| Témata: | |
| Tagy: |
Přidat tag
Žádné tagy, Buďte první, kdo otaguje tento záznam!
|
| Thư viện lưu trữ: | Trung tâm Học liệu Trường Đại học Cần Thơ |
|---|
| LEADER | 00655nam a2200229Ia 4500 | ||
|---|---|---|---|
| 001 | CTU_102119 | ||
| 008 | 210402s9999 xx 000 0 und d | ||
| 020 | |c 111666 | ||
| 082 | |a 428.24 | ||
| 082 | |b H333/B.1 | ||
| 100 | |a Hartmann, Pamela | ||
| 245 | 0 | |a Quest : | |
| 245 | 0 | |b Listening and Speaking in the Academic Work-Book 1 (Có sách) | |
| 245 | 0 | |c Pamela Hartmann | |
| 260 | |a Boston | ||
| 260 | |b Mc GrawHill | ||
| 260 | |c 2000 | ||
| 650 | |a English language,English language | ||
| 650 | |x Texbooks for foreign speakers,Study and teaching | ||
| 904 | |i Năm | ||
| 915 | |a 400 | ||
| 980 | |a Trung tâm Học liệu Trường Đại học Cần Thơ | ||